Score 0/9 Timer 01:00
0 Plays Today
% Correct
Llama
96%
Eeyore
88.7%
Aardvark
87.9%
Eel
77.9%
Oompa-Loompas
75.5%
ZZ Top
72.1%
Oolong Tea
45.4%
Eevee
33.7%
Aaliyah
32.5%
Remove Ads.
Support Sporcle.
Get the best of Sporcle when you Go Orange. This ad-free experience offers more features, more stats, and more fun while also helping to support Sporcle. Thank you for becoming a member.

You're not logged in!

Compare scores with friends on all Sporcle quizzes.
OR
Log In

Show Comments

Extras

Top Quizzes Today


Score Distribution

Your Account Isn't Verified!

In order to create a playlist on Sporcle, you need to verify the email address you used during registration. Go to your Sporcle Settings to finish the process.

Report this User

Report this user for behavior that violates our Community Guidelines.

Details: